000 00863nam a22002657a 4500
001 9090
003 FISKH
005 20251119123512.0
008 251119b cb ||||| |||| 00| 0 eng d
020 _a9780545549448
040 _aFISKH
_beng
_cFISKH
_dFISKH
082 _a557.3
100 _aHutchins, Jeannie
245 _aAll around our country /
_cby Jeannie Hutchins
260 _aNew York :
_bScholastic ,
_c2012.
300 _a16 pages :
_bcolor illustraions ;
_c19 X 21 cm.
505 _aE
520 _aSimple text and photographs explore the beauty and diversity of the United States, including its forests, deserts, beaches, marshes, and mountains.
521 8 _a200
_bLexile estimate
521 8 _aE
_bRaz-Plus
650 _aRiver
_vNon-fiction
650 _aForest
_vNon-fiction
942 _2ddc
_cBK
_n0
999 _c9090
_d9090